000 00286nam a22001217a 4500
008 181204b xxu||||| |||| 00| 0 eng d
041 _aeng
080 _28 th
_a621
100 _a25
101 _aENG
245 _aTechnical Analysis Of Stock Trends
_cBassetti.W.M
942 _2udc
_cBK
999 _c52757
_d52757